000 00397nam a2200157Ia 4500
005 20250316122546.0
008 240331s9999 xx 000 0 und d
082 _bKAN
_a894
100 _aKannathasan, K
245 0 _aKoolappa nayakkan kathal
250 _a5th
260 _aChennai
_bKanathasan Pathipagam
_c1995
300 _a64 p .,
500 _aA book About Kulappa Nayagun Love
942 _cL
999 _c4001
_d4001